Statistics for Updated: World Leaders Quiz

Click here to take the quiz!

General Stats

  • This quiz has been taken 36 times
    (2 since last reset)
  • The average score is 7 of 14

Answer Stats

HintAnswer% Correct
President of FranceEmmanuel Macron
100%
President of the U.SJoe Biden
100%
King of the U.KKing Charles III
100%
Prime Minister of the U.K.Rishi Sunak
100%
President of RussiaVladimir Putin
100%
President of ChinaXi Jinping
100%
Prime Minister of CanadaJustin Trudeau
50%
Prime Minister of AustraliaAnthony Albanese
0%
President of NigeriaBola Tinubu
0%
President of IndiaDroupadi Murmu
0%
President of GermanyFrank-Walter Steinmeier
0%
Prime Minister of JapanFumio Kishida
0%
President of BrazilLuiz Inácio Lula da Silva
0%
President of South KoreaYoon Suk-yeol
0%

Score Distribution

Percentile by Number Answered

Percent of People with Each Score

Your Score History

You have not taken this quiz since the last reset